000 01109nam a22002894a 4500
001 ebr10083765
003 CaPaEBR
006 m u
007 cr cn|||||||||
008 030404s2003 njua sb 001 0 eng
020 _z9812383603
040 _aCaPaEBR
_cCaPaEBR
035 _a(OCoLC)567968195
050 1 4 _aQA433
_b.L345 2003eb
082 0 4 _a515/.63
_221
100 1 _aLebedev, L. P.
245 1 0 _aTensor analysis
_h[electronic resource] /
_cLeonid P. Lebedev, Michael J. Cloud.
260 _aRiver Edge, NJ :
_bWorld Scientific Pub.,
_cc2003.
300 _ax, 191 p. :
_bill.
504 _aIncludes bibliographical references (p. 187) and index.
533 _aElectronic reproduction.
_bPalo Alto, Calif. :
_cebrary,
_d2013.
_nAvailable via World Wide Web.
_nAccess may be limited to ebrary affiliated libraries.
650 0 _aCalculus of tensors.
655 7 _aElectronic books.
_2local
700 1 _aCloud, Michael J.
710 2 _aebrary, Inc.
856 4 0 _uhttp://site.ebrary.com/lib/rucke/Doc?id=10083765
_zAn electronic book accessible through the World Wide Web; click to view
999 _c159357
_d159357